| 000 | 00739nam a2200181Ia 4500 | ||
|---|---|---|---|
| 008 | 100921s9999 xx 000 0 und d | ||
| 082 |
_b30781 _a808.068 थ 99 |
||
| 100 | _aमंगळवेढेकर राजा. | ||
| 245 | _aबारा भाऊ आणि एक बहिण. | ||
| 260 |
_bमधुराज प्रकाशन,पुणे. _c1999 |
||
| 300 |
_a63 _bमयुरेष बुक एजन्सी,कराड |
||
| 365 | _b35 | ||
| 520 | _aललित-बालवाङ्रमय. | ||
| 630 | _aबारा भाऊ आणि एक बहिण. | ||
| 650 | _aललित-बालवाङ्रमय. | ||
| 730 | _aबारा भाऊ आणि एक बहिण. | ||
| 942 | _cBOOK | ||
| 999 |
_c779894 _d779891 |
||